| 000 | 01007cam a2200313 i 4500 | ||
|---|---|---|---|
| 001 | 13889148 | ||
| 003 | EG-ScBUE | ||
| 005 | 20240922093157.0 | ||
| 008 | 050304t2006 caua f d 001 0 eng d | ||
| 020 | _a0030105676 (student ed.) | ||
| 020 | _a9780030105678 | ||
| 040 |
_aDLC _beng _erda _cDLC _dEG-ScBUE |
||
| 082 | 0 | 4 |
_222 _a512.5 _bSTR |
| 100 | 1 |
_aStrang, Gilbert, _eauthor. _938802 |
|
| 245 | 1 | 0 |
_aLinear algebra and its applications / _cGilbert Strang, Massachusetts Institute of Technology. |
| 250 | _aFourth edition. | ||
| 264 | 1 |
_aBelmont : _bThomson, Brooks / Cole / Cengage Learning, _c[2006] |
|
| 264 | 4 | _cc2006 | |
| 300 |
_aviii, 487 pages : _billustrations ; _c25 cm |
||
| 336 |
_2rdacontent _atext _btxt |
||
| 337 |
_aunmediated _2rdamedia _bn |
||
| 338 |
_avolume _bnc _2rdacarrier |
||
| 500 | _aIncludes index. | ||
| 500 | _aIncludes glossary. | ||
| 650 | 7 |
_aAlgebras, Linear. _2BUEsh _93439 |
|
| 653 |
_bENGELC _cNovember2015 |
||
| 655 |
_vReading book _934232 |
||
| 942 |
_2ddc _cBB |
||
| 999 |
_c21086 _d21058 |
||